[Event "DVM U10 2016"]
[Site "Magdeburg GER"]
[Date "2016.12.29"]
[Round "6"]
[White "Schlie, Valentin"]
[Black "Lewkowicz, David"]
[Result "1-0"]
[Termination "normal"]
[Board "30.2"]
[WhiteElo "770"]
[BlackElo "600"]
[WhiteTeam "Hagener SV 2"]
[BlackTeam "SK Blauer Springer Paderborn"]
[PlyCount "147"]
[WhiteFideId "16228103"]
[EventCountry "GER"]
[EventRounds "7"]
[EventType "team-swiss"]
[EventDate "2016.12.27"]

1. d4 e5 2. Nf3 e4 3. Ne5 Bd6 4. Nc4 Bb4+ 5. c3 Be7 6. Bf4 Nf6 7. Nca3 O-O 8.
Nb5 c6 9. Nc7 Qe8 10. Nxe8 Rxe8 11. Be5 Ng4 12. f3 b5 13. Na3 Ne3 14. Qc1 Bg5
15. f4 Nxf1 16. Rxf1 Be7 17. Qb1 f5 18. Qc2 d5 19. Bxb8 Rxb8 20. h3 Bh4+ 21.
Kd1 Rb6 22. Qd2 e3 23. Qd3 b4 24. Nc2 Ba6 25. Qxf5 Bc8 26. Qd3 Rf8 27. Nxb4 Bf5
28. Qxe3 Rbb8 29. g3 Rfe8 30. Qd2 Bxg3 31. Nxc6 Rbc8 32. Nxa7 Rc7 33. Nb5 Rce7
34. Rg1 Bh2 35. Re1 Re4 36. e3 Bg3 37. Re2 Rb8 38. a4 Bd7 39. Qd3 Ree8 40. e4
dxe4 41. Rxe4 Rxe4 42. Qxe4 Bxh3 43. Qe2 Bxf4 44. Qf3 Bf5 45. Qxf4 Rf8 46. Nd6
g6 47. Nxf5 gxf5 48. b4 Rf6 49. Qe5 Kf7 50. Qd5+ Kg6 51. Kc2 h5 52. Rg1+ Kh6
53. b5 h4 54. Rh1 Kh5 55. Qf3+ Kh6 56. Rxh4+ Kg7 57. Rh5 Kg6 58. Rh4 Kg5 59.
Qf4+ Kg6 60. Qe5 Kg5 61. Rf4 Kg6 62. Rxf5 Rxf5 63. Qxf5+ Kxf5 64. b6 Ke6 65. b7
Kd7 66. b8=Q Ke7 67. Qb6 Kd7 68. a5 Kc8 69. Qa7 Kd8 70. Kb3 Kc8 71. Kc4 Kd8 72.
Kd5 Kc8 73. Kd6 Kd8 74. Qd7# 1-0

[Event "DVM U10 2016"]
[Site "Magdeburg GER"]
[Date "2016.12.29"]
[Round "6"]
[White "Rogalski, Niclas"]
[Black "Fischer, Joschua"]
[Result "0-1"]
[Termination "normal"]
[Board "30.3"]
[WhiteElo "600"]
[BlackElo "600"]
[WhiteTeam "SK Blauer Springer Paderborn"]
[BlackTeam "Hagener SV 2"]
[PlyCount "60"]
[WhiteFideId "34640320"]
[BlackFideId "16268660"]
[EventCountry "GER"]
[EventRounds "7"]
[EventType "team-swiss"]
[EventDate "2016.12.27"]

1. e4 Nf6 2. Nc3 e5 3. Nf3 Bc5 4. Bb5 c6 5. Be2 Ng4 6. O-O d6 7. Re1 Nxf2 8.
Rf1 Nxd1+ 9. Kh1 Nxc3 10. bxc3 Bg4 11. h3 Be6 12. Ng5 Qxg5 13. Bb2 Na6 14. Bxa6
bxa6 15. Rfb1 Rb8 16. d4 exd4 17. cxd4 Bxd4 18. Bxd4 Rxb1+ 19. Rxb1 Kd7 20.
Bxa7 Bxa2 21. Rb7+ Ke6 22. c3 Qc1+ 23. Kh2 Qxc3 24. h4 Kf6 25. h5 g6 26. g4
Qc2+ 27. Kh3 gxh5 28. gxh5 Be6+ 29. Kg3 Rg8+ 30. Kh4 Qh2# 0-1